Zváranie. STN 05 2671. ISO 8430-1. Zmena 1 : Držiaky elektród. Časť 1: Kužeľové upnutie, kuželovitosť 1:10. December 1998

Na minha lista:
Detalhes bibliográficos
Formato: Livro
Idioma:eslovaco
Publicado em: Bratislava : Slovenský ústav technickej normalizácie, 1998
Assuntos:
Tags: Adicionar Tag
Sem tags, seja o primeiro a adicionar uma tag!

MARC

LEADER 00000nam a22000003a 4500
001 stu77464
005 20150408161645.0
008 021002s1998----xo------------------slo-d
040 |a STU  |b slo 
041 0 |a slo 
044 |a xo 
080 |a 621.7 
245 |a Zváranie. STN 05 2671. ISO 8430-1. Zmena 1 :  |b Držiaky elektród. Časť 1: Kužeľové upnutie, kuželovitosť 1:10. December 1998 
260 |a Bratislava :  |b Slovenský ústav technickej normalizácie,  |c 1998 
300 |a 2 s 
650 7 |a zváranie  |2 stusub 
996 |b 284M050596  |c M*N-437-1  |l MMKN  |s A  |a 24  |w stu77464_0001